Psicología de la personalidad dominios de conocimiento sobre la naturaleza humana (Registro nro. 47501)

Detalles MARC
000 -ENCABEZADO
Número de control [NR] 00973nam a2200253Ia 4500
008 - DE LONGITUD FIJA DE DATOS DE ELEMENTOS - INFORMACIÓN GENERAL
Elementos de longitud fija [NR] 130821s2005 mx ao gr spa
020 ## - NUMERO INTERNACIONAL NORMALIZADO PARA LIBROS [R]
Número Internacional Normalizado del libro [NR] 9701050657
040 ## - FUENTE DE CATALOGACION [NR]
Agencia de catalogación original [NR] Co-BoUCM
Idioma de catalogación [NR] spa
041 00 - CODIGO DE IDIOMA [R]
Código de idioma para texto/pista de sonido o título separado [R] Español
060 ## - SIGNATURA TOPOGRAFICA DE LA BIBLIOTECA NACIONAL DE MEDICINA (NLM) [R]
Número clasificador [R] BF 698
-- 5
100 1# - ASIENTO PRINCIPAL--NOMBRE PERSONAL [NR]
Nombre personal [NR] Larsen, Randy J.
245 10 - MENCION DE TITULO [NR]
Título [NR] Psicología de la personalidad dominios de conocimiento sobre la naturaleza humana
Mención de responsabilidad, etc. [NR] Randy J. Larsen, David M. Buss; traducción de Jorge Alberto Velázquez Arellano
250 ## - MENCION DE EDICION [NR]
Mención de edición [NR] 2a. Ed.
260 ## - PUBLICACION, DISTRIBUCION, ETC. (PIE DE IMPRENTA) [R]
Lugar de publicación, distribución, etc. [R] México D.F. (México)
Nombre del editor, distribuidor, etc. [R] Mc Graw-Hill
Fecha de publicación, distribución, etc. [R] 2005
300 ## - DESCRIPCION FISICA [R]
Extensión [R] xxviii, 689 páginas
Otros detalles físicos [NR] ilustraciones, cuadros, tablas, fotografías
504 ## - NOTA DE BIBLIOGRAFIA, ETC. [R]
Nota de bibliografía, etc. [NR]
650 04 - ASIENTO SECUNDARIO DE MATERIA - TERMINO TEMATICO [R]
Término temático o nombre geográfico como elemento de entrada [NR] Conducta (Psicología)
650 04 - ASIENTO SECUNDARIO DE MATERIA - TERMINO TEMATICO [R]
Término temático o nombre geográfico como elemento de entrada [NR] Personalidad
9 (RLIN) 21413
650 04 - ASIENTO SECUNDARIO DE MATERIA - TERMINO TEMATICO [R]
Término temático o nombre geográfico como elemento de entrada [NR] Psicología
9 (RLIN) 8001
700 1# - ASIENTO SECUNDARIO - NOMBRE PERSONAL [R]
Nombre personal [NR] Buss, David M.
700 1# - ASIENTO SECUNDARIO - NOMBRE PERSONAL [R]
Nombre personal [NR] Velázquez Arellano, Jorge Alberto
Término de relación [R]
765 ## - ASIENTO DE IDIOMA ORIGINAL [R]
Asiento principal [NR] Personality psychology
Edición [NR] domains of knowledge about nature.
942 ## - ELEMENTOS DE ENTRADA AGREGADOS (KOHA)
Tipo de ítem principal el descrito en 300a Libro
Tema principal Medicina
Edición 2
Parte restante de la signatura top. L334p
Sistema de clasificación NLM
Clasificación BF 698
Título oculto en OPAC No
Existencias
Fecha de último préstamo Total préstamos Signatura topográfica Código de barras Última vez visto Volúmen / Fascículo Ejemplar Price effective from Tipo de ítem Nota pública (OPAC) Perdido Sistema de clasificación Dañado No prestable Tipo de ítem específico Suprimido Ubicación habitual Ubicación actual Localización Fecha de creación Forma de adquisición Costo Total Renewals
14/09/2023 8 BF 698 L334p 200011154 11/12/2025 2a. Ed. Ej.1 03/02/2013 Libro Spot Psicología & Psiquiatría   NLM     Libro   Quinta de Mutis Quinta de Mutis 3er piso 28/02/2005 Compra 84150.00  
25/04/2018 61 BF 698 L334p 200014609 11/12/2025 2a. Ed. Ej.2 03/02/2013 Libro Spot Psicología & Psiquiatría   NLM     Libro   Quinta de Mutis Quinta de Mutis 3er piso 28/02/2007 Compra 80325.00 13